Ciencia Administrativa (Registro nro. 2225)

Detalles MARC
000 -LEADER
fixed length control field 01359 a2200265 4500
001 - CONTROL NUMBER
control field 31896
005 - DATE AND TIME OF LATEST TRANSACTION
control field 20260407155621.0
008 - FIXED-LENGTH DATA ELEMENTS--GENERAL INFORMATION
fixed length control field 260407a1986 arg spa d
003 - CONTROL NUMBER IDENTIFIER
control field AR-UNSa-BCEJYS
040 ## - CATALOGING SOURCE
Original cataloging agency AR-UNSa-BCEJYS
Language of cataloging spa
Transcribing agency AR-UNSa-BCEJYS
080 ## - UNIVERSAL DECIMAL CLASSIFICATION NUMBER
Universal Decimal Classification number 658
Common auxiliary subdivision Administración de empresas. Organización comercial
020 ## - INTERNATIONAL STANDARD BOOK NUMBER
International Standard Book Number 84-7351-190-5
041 ## - LANGUAGE CODE
Language code of text/sound track or separate title spa
100 1# - MAIN ENTRY--PERSONAL NAME
Personal name Chevalier, Jacques
245 10 - TITLE STATEMENT
Title Ciencia Administrativa
264 #1 - PRODUCTION, PUBLICATION, DISTRIBUTION, MANUFACTURE, AND COPYRIGHT NOTICE
Place of production, publication, distribution, manufacture Madrid :
Name of producer, publisher, distributor, manufacturer Instituto Nacional de Administración Pública (INAP)
Date of production, publication, distribution, manufacture, or copyright notice 1986
300 ## - PHYSICAL DESCRIPTION
Extent 2 v.
Dimensions 21 cm.
505 ## - FORMATTED CONTENTS NOTE
Formatted contents note Vol. I: Parte Preliminar: 1. Las orientaciones de la ciencia administrativa - 2. Epistemología y metodología de la ciencia administrativa - Primera Parte : 1. La función coercitiva - 2. La función ideológica - Vol. II: Primera Parte : 1. El modelo de la organización burocráctico - 2. La búsqueda de otros modelos - Parte Dos: 1. Los modelos de interrelaciones con el entorno - 2. La dinámica de la organización - Parte Tres: 1. Los fundamentos de la demanda social - 2. La construcción de la demanda social - 3. El campo de acción - 4. El proceso decisional.
590 ## - LOCAL NOTE (RLIN)
Local note niveau_biblio:m niveau_hierar:0
700 1# - ADDED ENTRY--PERSONAL NAME
Personal name Loschak, Daniele
700 1# - ADDED ENTRY--PERSONAL NAME
Personal name Bergere Dezaphi, Joelle
700 1# - ADDED ENTRY--PERSONAL NAME
Personal name Gomez Rivas, Jose Vicente
700 1# - ADDED ENTRY--PERSONAL NAME
Personal name Olias de Lima Gete, Blanca
942 ## - ADDED ENTRY ELEMENTS (KOHA)
Koha item type
Existencias
Withdrawn status Lost status Damaged status Not for loan Home library Current library Shelving location Date acquired Total checkouts Full call number Barcode Date last seen Price effective from Koha item type
        Biblioteca Prof. Eusebio Cleto del Rey Biblioteca Prof. Eusebio Cleto del Rey   07/04/2026   658 C527 v.1 L58509 07/04/2026 07/04/2026 Libro
        Biblioteca Prof. Eusebio Cleto del Rey Biblioteca Prof. Eusebio Cleto del Rey   07/04/2026   658 C527 v.2 L58510 07/04/2026 07/04/2026 Libro